Entry Personal Name
001 - CONTROL NUMBER
- control field: 1124
003 - CONTROL NUMBER IDENTIFIER
- control field: AM-YEHGA
005 - DATE AND TIME OF LATEST TRANSACTION
- control field: 20250617070425.0
008 - FIXED-LENGTH DATA ELEMENTS
- fixed length control field: 041208 a|ac|n|aab||||||||||||a |n|||||||
040 ## - CATALOGING SOURCE
- Original cataloging agency: AM-YEHGA
100 1# - HEADING--PERSONAL NAME
- Personal name: Աթաբեկյան, Սերգեյ Աթաբեկի,
- Dates associated with a name: 1937-2000
400 1# - SEE FROM TRACING--PERSONAL NAME
- Personal name: Աթաբեկյան, Սերյոժա Աթաբեկի,
- Dates associated with a name: 1937-2000
400 1# - SEE FROM TRACING--PERSONAL NAME
- Personal name: Աթաբեկյան, Ս.Ա.
- Fuller form of name: (Սերյոժա Աթաբեկի),
- Dates associated with a name: 1937-2000
400 1# - SEE FROM TRACING--PERSONAL NAME
- Personal name: Աթաբեկյան, Սերգեյ,
- Dates associated with a name: 1937-2000
400 1# - SEE FROM TRACING--PERSONAL NAME
- Personal name: Աթաբեկյան, Սերգեյ Ա.
- Dates associated with a name: 1937-2000
400 1# - SEE FROM TRACING--PERSONAL NAME
- Personal name: Աթաբեկյան, Ս.Ա.
- Fuller form of name: (Սերգեյ Աթաբեկի),
- Dates associated with a name: 1937-2000
400 1# - SEE FROM TRACING--PERSONAL NAME
- Personal name: Աթաբեկյան, Ս.
- Fuller form of name: (Սերգեյ),
- Dates associated with a name: 1937-2000
400 1# - SEE FROM TRACING--PERSONAL NAME
- Personal name: Атабекян, Сергей Атабекович,
- Dates associated with a name: 1937-2000
400 1# - SEE FROM TRACING--PERSONAL NAME
- Personal name: Atabekyan, Sergey Atabeki,
- Dates associated with a name: 1937-2000
670 ## - SOURCE DATA FOUND
- Source citation: ԵՊՀ գիտ. գրադարանի մատեն. բաժին,
- Information found: ԵՊՀ դասախոսների քարտարան (Աթաբեկյան Սերգեյ (Սերյոժա) Աթաբեկի - 1937։ Բանաս. գիտ. թեկ. (1975), գրականագետ։ ԵՊՀ հայ գրակ. պատմ. ամբիոնի դոց. (1980))
670 ## - SOURCE DATA FOUND
- Source citation: Հանդես Երևանի համալսարանի, N1(96),2000 :
- Information found: էջ 153 (Մեր կորուստները։ Սերգեյ Աթաբեկի Աթաբեկյան [12.12.1937, գ. Աչաջուր (Իջևանի շրջ.) - 2000, Երևան], բանաս. գիտ. դ-ր (1996))
670 ## - SOURCE DATA FOUND
- Source citation: Բառի կեցության խորհուրդը (Գրաքննադատ. հոդվ.), 1988 :
- Information found: տիտղթ. (Սերգեյ Աթաբեկյան); (Աթաբեկյան Սերգեյ Աթաբեկի)
670 ## - SOURCE DATA FOUND
- Source citation: Ակսել Բակունց. Պատմվածքի վիպական աշխարհը, 1996 :
- Information found: տիտղթ. (Ս. Աթաբեկյան); (Աթաբեկյան Սերգեյ Ա.)
670 ## - SOURCE DATA FOUND
- Source citation: Գրական համալսարան = Гракан амалсаран, 1984 :
- Information found: տիտղթ. (Խմբ.՝ Ս.Ա. Աթաբեկյան)
ՀՀ Գիտությունների ազգային ակադեմիայի հիմնարար գիտական գրադարան = Fundamental Scientific Library of NAS RA
All site content, except where otherwise noted, is licensed under a